Statistics for Cities that end with X

Click here to take the quiz!

General Stats

  • This quiz has been taken 18 times
  • The average score is 2 of 6

Answer Stats

CountryAnswer% Correct
FranceBordeaux
71%
CanadaHalifax
59%
USAPhoenix
47%
GermanyNiex
12%
USAAppomattax
6%
FranceCharmonix
6%

Score Distribution

Percentile by Number Answered

Percent of People with Each Score

Your Score History

You have not taken this quiz